| 000 | 00757nam a2200217 i 4500 | ||
|---|---|---|---|
| 001 | 56274 | ||
| 003 | ES-MaACL | ||
| 005 | 20240125170357.0 | ||
| 007 | t| | ||
| 008 | 031007s1967 sp ||||1| spa d | ||
| 245 | 0 | 0 | _aDiccionario enciclopédico universal. |
| 250 | _a[2ª ed.]. | ||
| 260 |
_aBarcelona : _bCredsa, _c1967. |
||
| 300 |
_a7 v. : _blám. col., map. col., grab. ; _c26 cm. |
||
| 500 | _aPaginación consecutiva. | ||
| 505 | 8 | _aContiene: T. I: A-Canale. -- T. II: Canali-Enri. -- T. III: Enro-Infier. -- T: IV: Infies-Neves. -- T.V: Nevierov-Rifle -- T.VI: Riga-Valence -- T.VII: Valencia-Z. Vocabularios | |
| 655 | 7 |
_2tgfbne _9226844 _aEnciclopedias |
|
| 852 |
_aES-MaACL _jP-1234 _bR.64434 |
||
| 942 | _2udc | ||
| 999 |
_c56274 _d56274 |
||